MARC details
| 000 -LEADER |
| fixed length control field |
02629cam a22004934a 4500 |
| 001 - CONTROL NUMBER |
| control field |
13958790 |
| 003 - CONTROL NUMBER IDENTIFIER |
| control field |
ARRUPE |
| 005 - DATE AND TIME OF LATEST TRANSACTION |
| control field |
20150908083309.0 |
| 008 - FIXED-LENGTH DATA ELEMENTS--GENERAL INFORMATION |
| fixed length control field |
050506s2005 nyuab b 001 0 eng c |
| 010 ## - LIBRARY OF CONGRESS CONTROL NUMBER |
| LC control number |
2005013206 |
| 020 ## - INTERNATIONAL STANDARD BOOK NUMBER |
| International Standard Book Number |
0801443105 (cloth : alk. paper) |
| 020 ## - INTERNATIONAL STANDARD BOOK NUMBER |
| International Standard Book Number |
0801489407 (pbk. : alk. paper) |
| 035 ## - SYSTEM CONTROL NUMBER |
| System control number |
(DNLM)101247862 |
| 040 ## - CATALOGING SOURCE |
| Original cataloging agency |
NIC/DNLM/DLC |
| Transcribing agency |
DLC |
| Modifying agency |
DLC |
| 042 ## - AUTHENTICATION CODE |
| Authentication code |
pcc |
| 050 00 - LIBRARY OF CONGRESS CALL NUMBER |
| Classification number |
RC451.Z55 |
| Item number |
J33 2005 |
| 060 10 - NATIONAL LIBRARY OF MEDICINE CALL NUMBER |
| Classification number |
WM 31 |
| Item number |
J13s 2005 |
| 082 00 - DEWEY DECIMAL CLASSIFICATION NUMBER |
| Classification number |
362.2/1/0096891 |
| Edition number |
22 |
| 300 ## - PHYSICAL DESCRIPTION |
| Other physical details |
ill., maps ; |
| Dimensions |
25 cm. |
| 100 1# - MAIN ENTRY--PERSONAL NAME |
| Personal name |
Jackson, Lynette. |
| 9 (RLIN) |
18847 |
| 245 10 - TITLE STATEMENT |
| Title |
Surfacing up : |
| Remainder of title |
psychiatry and social order in colonial Zimbabwe, 1908-1968 / |
| Statement of responsibility, etc |
Lynette A. Jackson. |
| 260 ## - PUBLICATION, DISTRIBUTION, ETC. (IMPRINT) |
| Place of publication, distribution, etc |
Ithaca, N.Y. : |
| Name of publisher, distributor, etc |
Cornell University Press, |
| Date of publication, distribution, etc |
2005. |
| 300 ## - PHYSICAL DESCRIPTION |
| Extent |
xiii, 230 p. : |
| 440 #0 - SERIES STATEMENT/ADDED ENTRY--TITLE |
| Title |
Cornell studies in the history of psychiatry |
| 9 (RLIN) |
18848 |
| 504 ## - BIBLIOGRAPHY, ETC. NOTE |
| Bibliography, etc |
Includes bibliographical references and index. |
| 505 0# - FORMATTED CONTENTS NOTE |
| Formatted contents note |
"Lobengula's wives lived here" : the colonization of space and meaning and the birth of the asylum in Southern Rhodesia -- Bodies in custody : Ingutsheni Lunatic Asylum, 1908-1933 -- Black men, white "civilization," and routes to Ingutsheni -- Women interrupted : traveling women, anxious men, and ascriptions of madness -- Psychiatric modernity in black and white, 1933-1942 -- The Africans do not complain : the monologue of reason about madness at Ingutsheni, 1942-1968. |
| 610 20 - SUBJECT ADDED ENTRY--CORPORATE NAME |
| Corporate name or jurisdiction name as entry element |
Ingutsheni Lunatic Asylum |
| General subdivision |
History. |
| 9 (RLIN) |
18849 |
| 610 20 - SUBJECT ADDED ENTRY--CORPORATE NAME |
| Corporate name or jurisdiction name as entry element |
Ingutsheni Mental Hospital |
| General subdivision |
History. |
| 9 (RLIN) |
18850 |
| 610 22 - SUBJECT ADDED ENTRY--CORPORATE NAME |
| Corporate name or jurisdiction name as entry element |
Ingutsheni Lunatic Asylum |
| Geographic subdivision |
Zimbabwe. |
| 9 (RLIN) |
18851 |
| 610 22 - SUBJECT ADDED ENTRY--CORPORATE NAME |
| Corporate name or jurisdiction name as entry element |
Ingutsheni Mental Hospital |
| Geographic subdivision |
Zimbabwe. |
| 9 (RLIN) |
18852 |
| 650 #0 - SUBJECT ADDED ENTRY--TOPICAL TERM |
| Topical term or geographic name as entry element |
Psychiatry |
| General subdivision |
Social aspects |
| Geographic subdivision |
Zimbabwe |
| General subdivision |
History |
| Chronological subdivision |
20th century. |
| 9 (RLIN) |
18853 |
| 650 #0 - SUBJECT ADDED ENTRY--TOPICAL TERM |
| Topical term or geographic name as entry element |
Psychiatric hospital care |
| Geographic subdivision |
Zimbabwe |
| General subdivision |
History |
| Chronological subdivision |
20th century. |
| 9 (RLIN) |
18854 |
| 650 #0 - SUBJECT ADDED ENTRY--TOPICAL TERM |
| Topical term or geographic name as entry element |
Social control |
| Geographic subdivision |
Zimbabwe |
| General subdivision |
History |
| Chronological subdivision |
20th century. |
| 9 (RLIN) |
18855 |
| 650 12 - SUBJECT ADDED ENTRY--TOPICAL TERM |
| Topical term or geographic name as entry element |
Mental Disorders |
| General subdivision |
ethnology |
| Geographic subdivision |
Zimbabwe. |
| 9 (RLIN) |
18856 |
| 650 22 - SUBJECT ADDED ENTRY--TOPICAL TERM |
| Topical term or geographic name as entry element |
Mental Disorders |
| General subdivision |
etiology |
| Geographic subdivision |
Zimbabwe. |
| 9 (RLIN) |
18857 |
| 650 22 - SUBJECT ADDED ENTRY--TOPICAL TERM |
| Topical term or geographic name as entry element |
Socioeconomic Factors |
| Geographic subdivision |
Zimbabwe. |
| 9 (RLIN) |
18858 |
| 650 22 - SUBJECT ADDED ENTRY--TOPICAL TERM |
| Topical term or geographic name as entry element |
Hospitals, Psychiatric |
| General subdivision |
history |
| Geographic subdivision |
Zimbabwe. |
| 9 (RLIN) |
18859 |
| 650 22 - SUBJECT ADDED ENTRY--TOPICAL TERM |
| Topical term or geographic name as entry element |
Commitment of Mentally Ill |
| General subdivision |
history |
| Geographic subdivision |
Zimbabwe. |
| 9 (RLIN) |
18860 |
| 650 22 - SUBJECT ADDED ENTRY--TOPICAL TERM |
| Topical term or geographic name as entry element |
Social Control, Formal |
| Geographic subdivision |
Zimbabwe. |
| 9 (RLIN) |
18861 |
| 650 22 - SUBJECT ADDED ENTRY--TOPICAL TERM |
| Topical term or geographic name as entry element |
History, 20th Century |
| Geographic subdivision |
Zimbabwe. |
| 9 (RLIN) |
18862 |
| 856 42 - ELECTRONIC LOCATION AND ACCESS |
| Materials specified |
Book review (H-Net) |
| Uniform Resource Identifier |
<a href="http://www.h-net.org/review/hrev-a0f5w8-aa">http://www.h-net.org/review/hrev-a0f5w8-aa</a> |
| 906 ## - LOCAL DATA ELEMENT F, LDF (RLIN) |
| a |
7 |
| b |
cbc |
| c |
orignew |
| d |
1 |
| e |
ecip |
| f |
20 |
| g |
y-gencatlg |
| 942 ## - ADDED ENTRY ELEMENTS (KOHA) |
| Source of classification or shelving scheme |
Library of Congress Classification |
| Koha item type |
Monograph ( Printed materials) |